[Event "I Torneo Hotel Petra A"]
[Site "Roma ITA"]
[Date "2004.03.13"]
[Round "9"]
[White "Tribuiani, Renato"]
[Black "Jones, Gawain C.B."]
[Result "0-1"]
[WhiteElo "2099"]
[BlackElo "2387"]
[PlyCount "70"]
[EventDate "2004.03.08"]

1. d4 Nf6 2. e3 c5 3. c3 b6 4. Nd2 Bb7 5. Ngf3 g6 6. b3 Bg7 7. Be2 O-O 8. O-O
d6 9. Bb2 Nbd7 10. Rc1 Re8 11. Re1 a6 12. Nf1 e5 13. h3 b5 14. dxe5 dxe5 15. c4
b4 16. N3h2 h5 17. Bf3 e4 18. Be2 Qc7 19. Rc2 a5 20. Rd2 Ne5 21. f4 exf3 22.
Bxf3 Ne4 23. Bxe4 Bxe4 24. Ree2 a4 25. Bxe5 Qxe5 26. Nf3 Bxf3 27. gxf3 axb3 28.
Qxb3 Qf5 29. Kg2 Qg5+ 30. Kf2 Ra3 31. Qd1 Qh4+ 32. Kg2 Qxc4 33. Rc2 Bc3 34. Qd7
Rea8 35. Nd2 Qxe2+ 0-1

[Event "I Torneo Hotel Petra A"]
[Site "Roma ITA"]
[Date "2004.03.14"]
[Round "10"]
[White "Cavatorta, Fosco"]
[Black "Tribuiani, Renato"]
[Result "0-1"]
[WhiteElo "2088"]
[BlackElo "2099"]
[PlyCount "116"]
[EventDate "2004.03.08"]

1. Nf3 d5 2. d4 e6 3. Bf4 c5 4. e3 Nc6 5. c3 Qb6 6. Qb3 Qxb3 7. axb3 cxd4 8.
exd4 Nf6 9. h3 Be7 10. Na3 O-O 11. Bd3 Bd7 12. b4 a5 13. b5 Na7 14. b6 Nc8 15.
Bc7 Bd8 16. Ne5 Nxb6 17. Bd6 Re8 18. Nxd7 Nbxd7 19. O-O Ne4 20. Bxe4 dxe4 21.
Rfe1 f5 22. Nc4 b5 23. Ne5 Nxe5 24. dxe5 Kf7 25. c4 bxc4 26. Rec1 Bb6 27. Rxc4
Rec8 28. Rac1 Rxc4 29. Rxc4 a4 30. Rb4 Ra6 31. Kf1 Ke8 32. g4 Kd7 33. gxf5 exf5
34. Ke2 Ke6 35. f4 exf3+ 36. Kxf3 a3 37. bxa3 Rxa3+ 38. Kg2 Ra2+ 39. Kg3 Ra6
40. Rb3 Bd4 41. Rb7 Ra7 42. Rb5 g6 43. Kf3 g5 44. h4 g4+ 45. Kf4 Ra2 46. Rb7
Rf2+ 47. Kg3 Rf3+ 48. Kg2 Bxe5 49. Bxe5 Kxe5 50. Rxh7 Kf4 51. h5 g3 52. h6 Rf2+
53. Kg1 Kf3 54. Ra7 Rg2+ 55. Kh1 Rh2+ 56. Kg1 Rxh6 57. Ra8 Re6 58. Ra3+ Re3 0-1

[Event "I Torneo Hotel Petra A"]
[Site "Roma ITA"]
[Date "2004.03.14"]
[Round "10"]
[White "Corvi, Marco"]
[Black "Jones, Gawain C.B."]
[Result "1/2-1/2"]
[WhiteElo "2295"]
[BlackElo "2387"]
[PlyCount "86"]
[EventDate "2004.03.08"]

1. c4 Nf6 2. Nc3 c5 3. Nf3 Nc6 4. g3 g6 5. Bg2 Bg7 6. O-O O-O 7. d4 cxd4 8.
Nxd4 Nxd4 9. Qxd4 d6 10. Bg5 Be6 11. Qf4 Qa5 12. Rac1 a6 13. b3 Rab8 14. Qd2
Rfc8 15. Be3 Qh5 16. Nd5 Nxd5 17. cxd5 Bd7 18. Bb6 Qe5 19. Bc7 Ra8 20. Rc2 a5
21. a4 Qd4 22. Bxa5 Qxd2 23. Rxc8+ Rxc8 24. Bxd2 Rc2 25. Bg5 Rxe2 26. Bf3 Rb2
27. Bxe7 Rxb3 28. Kg2 Be5 29. a5 Ra3 30. Bd8 Bf5 31. Rc1 Bc3 32. g4 Bd3 33. g5
h6 34. gxh6 Kh7 35. Be7 Be5 36. Bg5 Rxa5 37. Rc7 Ra1 38. Bc1 b5 39. Rxf7+ Kg8
40. Rc7 Bc4 41. Rc8+ Kh7 42. Rc7+ Kg8 43. Rc8+ Kh7 1/2-1/2

[Event "I Torneo Hotel Petra A"]
[Site "Roma ITA"]
[Date "2004.03.14"]
[Round "10"]
[White "Fayard, Alain"]
[Black "Sibilio, Mario"]
[Result "1/2-1/2"]
[WhiteElo "2256"]
[BlackElo "2361"]
[PlyCount "53"]
[EventDate "2004.03.08"]

1. c4 Nf6 2. Nc3 g6 3. e4 d6 4. g3 Bg7 5. Bg2 c5 6. Nge2 Nc6 7. O-O O-O 8. d3
a6 9. h3 Rb8 10. f4 Nd7 11. a4 Nd4 12. Kh2 e6 13. g4 f5 14. exf5 gxf5 15. g5 b6
16. Ng3 Bb7 17. Rf2 Bxg2 18. Rxg2 Qc7 19. Nh5 Rf7 20. Be3 Qb7 21. Nxg7 Rxg7 22.
Bxd4 cxd4 23. Ne2 Qf3 24. Rg3 Qf2+ 25. Rg2 Qf3 26. Rg3 Qf2+ 27. Rg2 1/2-1/2

[Event "I Torneo Hotel Petra A"]
[Site "Roma ITA"]
[Date "2004.03.14"]
[Round "10"]
[White "Ortega, Lexy"]
[Black "Tomescu, Vlad"]
[Result "1-0"]
[WhiteElo "2454"]
[BlackElo "2419"]
[PlyCount "89"]
[EventDate "2004.03.08"]

1. e4 c5 2. Nf3 Nc6 3. Nc3 d6 4. d4 cxd4 5. Nxd4 Nf6 6. Bc4 e6 7. Be3 a6 8. Qe2
Qc7 9. O-O-O Na5 10. Bd3 b5 11. Rhe1 b4 12. Nd5 exd5 13. exd5 Be7 14. Bd2 Rb8
15. a3 Nxd5 16. Qe4 Nf6 17. Qxe7+ Qxe7 18. Rxe7+ Kxe7 19. axb4 Kd7 20. bxa5 Kc7
21. f3 h6 22. c4 Bd7 23. Bc3 Rhe8 24. Kd2 g6 25. b4 Nh5 26. b5 Nf4 27. b6+ Kc8
28. Bb4 Nxd3 29. Kxd3 Kb7 30. Bxd6 Rbd8 31. Bc7 Bf5+ 32. Kc3 Re3+ 33. Kb4 Rxd4
34. Rxd4 Rd3 35. Rh4 Be6 36. Re4 Rd2 37. g4 Rd3 38. Bg3 Kc6 39. Bf4 g5 40. Bg3
Rd1 41. Re1 Rd2 42. Re5 Rd7 43. Rc5+ Kb7 44. h3 Re7 45. f4 1-0

[Event "I Torneo Hotel Petra A"]
[Site "Roma ITA"]
[Date "2004.03.14"]
[Round "10"]
[White "Piscopo, Pierluigi"]
[Black "Naumkin, Igor"]
[Result "1/2-1/2"]
[WhiteElo "2318"]
[BlackElo "2416"]
[PlyCount "20"]
[EventDate "2004.03.08"]

1. Nf3 Nf6 2. c4 e6 3. Nc3 Bb4 4. Qc2 O-O 5. a3 Bxc3 6. Qxc3 b6 7. g3 Bb7 8.
Bg2 a5 9. b3 d6 10. O-O Nbd7 1/2-1/2

[Event "I Torneo Hotel Petra A"]
[Site "Roma ITA"]
[Date "2004.03.14"]
[Round "10"]
[White "Russo, Carmelo"]
[Black "Marzano, Carlo"]
[Result "0-1"]
[WhiteElo "1447"]
[BlackElo "2228"]
[PlyCount "62"]
[EventDate "2004.03.08"]

1. Nf3 d5 2. b3 Bg4 3. Bb2 Nd7 4. c4 e6 5. g3 c6 6. Bg2 Ngf6 7. O-O Bd6 8. d4
Qb8 9. Nbd2 O-O 10. Qc2 b5 11. cxb5 cxb5 12. Rac1 a5 13. e4 dxe4 14. Nxe4 Nxe4
15. Qxe4 Nf6 16. Qc6 Rc8 17. Qxc8+ Qxc8 18. Rxc8+ Rxc8 19. Ne5 Rc2 20. Rb1 Bf5
21. a4 b4 22. Nc4 Rxc4 23. bxc4 Bxb1 24. c5 Bc7 25. Bc6 Nd5 26. f4 Bc2 27. f5
Bxf5 28. Kf2 Nc3 29. Bc1 Bc2 30. Bf4 Bxf4 31. gxf4 b3 0-1

[Event "I Torneo Hotel Petra A"]
[Site "Roma ITA"]
[Date "2004.03.15"]
[Round "11"]
[White "Jones, Gawain C.B."]
[Black "Cavatorta, Fosco"]
[Result "1-0"]
[WhiteElo "2387"]
[BlackElo "2088"]
[PlyCount "127"]
[EventDate "2004.03.08"]

1. e4 d6 2. d4 Nf6 3. Nc3 g6 4. Be3 c6 5. Qd2 b5 6. Bd3 Nbd7 7. Nf3 Qc7 8. a4
b4 9. Ne2 a5 10. O-O Bg7 11. c3 bxc3 12. bxc3 O-O 13. Rfe1 Re8 14. Bh6 e5 15.
Ng3 Nf8 16. h3 Ne6 17. Be3 Ba6 18. Bc2 Rab8 19. Ng5 Nxg5 20. Bxg5 Bc4 21. Rad1
Rb2 22. Qc1 Reb8 23. Nf1 Rxc2 24. Qxc2 Bb3 25. Qd3 Bxd1 26. Rxd1 d5 27. Bxf6
Bxf6 28. exd5 exd4 29. cxd4 cxd5 30. Qa6 Bg7 31. Ne3 Rd8 32. Qb5 Qa7 33. Nxd5
Bxd4 34. Kh1 Kg7 35. Qc4 Bf6 36. f4 h5 37. Rb1 Qd4 38. Qxd4 Bxd4 39. Rb5 Ra8
40. g3 Ra7 41. Kg2 f5 42. Kf3 Kf7 43. g4 hxg4+ 44. hxg4 Ke6 45. gxf5+ gxf5 46.
Ne3 Bxe3 47. Kxe3 Kf6 48. Kf3 Rc7 49. Rxa5 Rc3+ 50. Kf2 Ra3 51. Ra6+ Kg7 52.
Ke2 Kh7 53. a5 Ra4 54. Ke3 Re4+ 55. Kf3 Ra4 56. Ra8 Kg6 57. a6 Ra3+ 58. Ke2 Ra4
59. Ke3 Re4+ 60. Kd3 Kg7 61. a7 Re7 62. Kc4 Re4+ 63. Kb5 Rxf4 64. Rc8 1-0

[Event "I Torneo Hotel Petra A"]
[Site "Roma ITA"]
[Date "2004.03.15"]
[Round "11"]
[White "Marzano, Carlo"]
[Black "Piscopo, Pierluigi"]
[Result "1/2-1/2"]
[WhiteElo "2228"]
[BlackElo "2318"]
[PlyCount "43"]
[EventDate "2004.03.08"]

1. c4 d6 2. e4 g6 3. Nc3 Bg7 4. d4 Nc6 5. d5 Nd4 6. Be3 c5 7. Nge2 Qb6 8. Nxd4
cxd4 9. Na4 Qa5+ 10. b4 Qxb4+ 11. Bd2 Qa3 12. h4 h5 13. Bc1 Qb4+ 14. Bd2 Qa3
15. Rh3 Bxh3 16. Bc1 Qb4+ 17. Bd2 Qa3 18. Bc1 Qb4+ 19. Bd2 Bg4 20. f3 Bxf3 21.
gxf3 Qa3 22. Bc1 1/2-1/2

[Event "I Torneo Hotel Petra A"]
[Site "Roma ITA"]
[Date "2004.03.15"]
[Round "11"]
[White "Naumkin, Igor"]
[Black "Corvi, Marco"]
[Result "1/2-1/2"]
[WhiteElo "2416"]
[BlackElo "2295"]
[PlyCount "43"]
[EventDate "2004.03.08"]

1. d4 f5 2. Nf3 Nf6 3. g3 d6 4. Bg2 g6 5. O-O Bg7 6. c4 O-O 7. Nc3 Nc6 8. d5
Ne5 9. Nd2 c5 10. e3 Nd3 11. Qe2 Nxc1 12. Raxc1 Qb6 13. b3 e5 14. dxe6 Bxe6 15.
h3 Rad8 16. Nf3 Kh8 17. Rfd1 Bg8 18. Rc2 a6 19. Na4 Qa5 20. Nd2 Qc7 21. Qf3 Rd7
22. Nc3 1/2-1/2

[Event "I Torneo Hotel Petra A"]
[Site "Roma ITA"]
[Date "2004.03.15"]
[Round "11"]
[White "Tomescu, Vlad"]
[Black "Fayard, Alain"]
[Result "1-0"]
[WhiteElo "2419"]
[BlackElo "2256"]
[PlyCount "113"]
[EventDate "2004.03.08"]

1. e4 e5 2. Nc3 Nf6 3. Bc4 Nc6 4. d3 Bc5 5. f4 d6 6. Nf3 h6 7. h3 Nh5 8. Ne2
exf4 9. d4 Bb6 10. c3 g5 11. a4 a6 12. Bd2 Qe7 13. Qc2 Nf6 14. Bd3 Bd7 15. b4
Rg8 16. c4 d5 17. e5 Nxb4 18. Bxb4 Qxb4+ 19. Kf2 g4 20. c5 gxf3 21. Rhb1 Qa5
22. gxf3 Nh5 23. cxb6 Bxh3 24. Rg1 Ng3 25. Nxf4 Qxb6 26. Qc3 O-O-O 27. Rab1 Qa7
28. Nxh3 Nh5 29. a5 Rge8 30. Rgc1 Re7 31. Qc5 Qxc5 32. Rxc5 c6 33. Rg1 Kc7 34.
f4 f6 35. Be2 Nxf4 36. Nxf4 fxe5 37. dxe5 Rxe5 38. Bf3 Rd7 39. Rg6 Rf7 40. Kg3
Rg5+ 41. Rxg5 hxg5 42. Nd3 Kd6 43. Rc3 Re7 44. Rb3 Rh7 45. Rb4 Re7 46. Kf2 Rh7
47. Bg2 Rh4 48. Rxb7 Ra4 49. Ke3 g4 50. Rg7 Rxa5 51. Rxg4 Ra1 52. Rg6+ Kc7 53.
Nb4 Rc1 54. Nxa6+ Kb7 55. Nb4 Rc3+ 56. Kd2 Rc4 57. Nxc6 1-0

[Event "XXXVI C.to Italiano a squadre A1.1"]
[Site "ITA"]
[Date "2004.03.06"]
[Round "1"]
[White "Aglietti, Graziano"]
[Black "Lapiccirella, Mattia"]
[Result "0-1"]
[WhiteElo "2084"]
[BlackElo "2166"]
[PlyCount "78"]
[EventDate "2004.03.06"]

1. e4 c5 2. c3 d5 3. exd5 Qxd5 4. d4 Nf6 5. Nf3 Bg4 6. Be2 e6 7. O-O Be7 8. h3
Bh5 9. Be3 cxd4 10. c4 Qd6 11. Nxd4 Bxe2 12. Qxe2 Nc6 13. Rd1 Nxd4 14. Bxd4 Qc6
15. Nc3 O-O 16. Nd5 exd5 17. Qxe7 dxc4 18. Bxf6 Qxf6 19. Qxf6 gxf6 20. Rac1 b5
21. Rd5 Rab8 22. Rd7 a5 23. Rc3 Rfd8 24. Ra7 Ra8 25. Rb7 Rab8 26. Ra7 Ra8 27.
Rb7 Rd5 28. Rf3 Kg7 29. Rg3+ Kf8 30. Rf3 Kg7 31. Re3 Rc5 32. Ree7 Rf8 33. Kf1
Kg6 34. Ke2 Rd5 35. Ke1 Rfd8 36. f3 Rd1+ 37. Kf2 R1d2+ 38. Re2 R8d5 39. Ke3
R5d3+ 0-1

[Event "XXXVI C.to Italiano a squadre A1.1"]
[Site "ITA"]
[Date "2004.03.06"]
[Round "1"]
[White "Aranovitch, Emiliano"]
[Black "Citti, Gianluca"]
[Result "1-0"]
[WhiteElo "2300"]
[BlackElo "2139"]
[PlyCount "81"]
[EventDate "2004.03.06"]

1. e4 e5 2. Bc4 Nf6 3. d3 Bc5 4. Nf3 Nc6 5. Nbd2 d6 6. c3 a5 7. Nf1 O-O 8. Bg5
Be6 9. Bb3 Bxb3 10. axb3 h6 11. Bh4 g5 12. Nxg5 hxg5 13. Bxg5 Bxf2+ 14. Kxf2
Nxe4+ 15. dxe4 Qxg5 16. Ne3 Qh4+ 17. g3 Qxe4 18. Ra4 Nb4 19. cxb4 axb4 20. Qg4+
Qxg4 21. Nxg4 Rxa4 22. bxa4 f5 23. Ne3 f4 24. Nd5 c6 25. Nxb4 fxg3+ 26. Kxg3
Rf4 27. Nd3 Rxa4 28. h4 Rd4 29. Nf2 Rb4 30. h5 Kh7 31. Ng4 Rxb2 32. Rf1 d5 33.
Nxe5 Kh6 34. Rh1 Rb4 35. Nf7+ Kh7 36. Ng5+ Kh6 37. Nf7+ Kh7 38. h6 Rb3+ 39. Kg4
Rb2 40. Ng5+ Kh8 41. Kf5 1-0

[Event "XXXVI C.to Italiano a squadre A1.1"]
[Site "ITA"]
[Date "2004.03.06"]
[Round "1"]
[White "Bellini, Fabio"]
[Black "Pernigotti, Carlo"]
[Result "1-0"]
[WhiteElo "2502"]
[BlackElo "2201"]
[PlyCount "69"]
[EventDate "2004.03.06"]

1. e4 c5 2. Nf3 e6 3. b3 Nf6 4. e5 Nd5 5. Bb2 Nc6 6. c4 Nb6 7. Nc3 d5 8. exd6
Bxd6 9. d4 cxd4 10. Nxd4 Nxd4 11. Qxd4 e5 12. Qd2 Qe7 13. Rd1 Bc5 14. a3 e4 15.
Qf4 e3 16. f3 a5 17. Ne4 O-O 18. Nxc5 Qxc5 19. Qd4 Qxd4 20. Bxd4 Nd7 21. Bxe3
Re8 22. Kf2 Ne5 23. Bf4 Bf5 24. Rd5 f6 25. Bxe5 Rxe5 26. Rxe5 fxe5 27. Be2 Kf7
28. Rd1 Be6 29. Rd6 a4 30. b4 Rc8 31. c5 Rc6 32. Rxc6 bxc6 33. Bd3 h6 34. Ke3
Ke7 35. Bc2 1-0

[Event "XXXVI C.to Italiano a squadre A1.1"]
[Site "ITA"]
[Date "2004.03.06"]
[Round "1"]
[White "Costantini, Roberto"]
[Black "Rodriguez Alvarez, Alan"]
[Result "1-0"]
[WhiteElo "2317"]
[BlackElo "2070"]
[PlyCount "103"]
[EventDate "2004.03.06"]

1. e4 c5 2. Nf3 Nc6 3. Nc3 e5 4. Bc4 d6 5. d3 Be7 6. Nd2 Nf6 7. Nf1 Nd7 8. Nd5
Nb6 9. Nxb6 Qxb6 10. Ne3 O-O 11. c3 Kh8 12. h4 Be6 13. g4 Qd8 14. g5 Qd7 15.
Qf3 b5 16. Bd5 Rab8 17. Nf5 Bd8 18. h5 Bxf5 19. exf5 Ne7 20. f6 Nxd5 21. fxg7+
Kxg7 22. Qxd5 Qb7 23. Qxb7 Rxb7 24. f4 e4 25. dxe4 Re7 26. e5 dxe5 27. f5 f6
28. Rg1 Rd7 29. h6+ Kh8 30. g6 hxg6 31. fxg6 Re8 32. Ke2 f5 33. Be3 Rd5 34.
Rad1 Rxd1 35. Rxd1 f4 36. Bxc5 Bg5 37. Rd7 Bxh6 38. Rh7+ Kg8 39. Rxh6 Kg7 40.
Rh7+ Kxg6 41. Rxa7 Kf5 42. Rb7 Ke4 43. Rxb5 f3+ 44. Kf2 Rg8 45. Rb4+ Kd5 46.
Kxf3 Kxc5 47. Ke4 Ra8 48. a4 Kd6 49. b3 Rc8 50. c4 Rf8 51. Rb6+ Kc7 52. Rb5 1-0

[Event "XXXVI C.to Italiano a squadre A1.1"]
[Site "ITA"]
[Date "2004.03.06"]
[Round "1"]
[White "Del Dotto, Riccardo"]
[Black "Mantovani, Renzo"]
[Result "0-1"]
[WhiteElo "2131"]
[BlackElo "2375"]
[PlyCount "84"]
[EventDate "2004.03.06"]

1. e4 c5 2. Nc3 Nc6 3. g3 g6 4. Bg2 Bg7 5. d3 d6 6. Be3 Nf6 7. h3 Rb8 8. Qd2 b5
9. Nge2 b4 10. Nd1 O-O 11. O-O e5 12. Bh6 Bxh6 13. Qxh6 Nd4 14. Nxd4 cxd4 15.
f4 Kh8 16. Qg5 Nd7 17. Qxd8 Rxd8 18. fxe5 Nxe5 19. b3 Be6 20. Nb2 Kg7 21. a3
Rdc8 22. Rf2 a5 23. axb4 axb4 24. Ra6 Ra8 25. Rxa8 Rxa8 26. Na4 Bd7 27. Nb6
Ra1+ 28. Rf1 Ra2 29. Nxd7 Nxd7 30. Rf2 Ne5 31. Bf1 Ra1 32. Kg2 f6 33. Be2 Rc1
34. Bf1 h5 35. Rd2 Nc6 36. Be2 Na7 37. Kf2 Nb5 38. Bd1 Na3 39. Ke1 Nb1 40. Rf2
Nc3 41. Rd2 g5 42. g4 h4 0-1

[Event "XXXVI C.to Italiano a squadre A1.1"]
[Site "ITA"]
[Date "2004.03.06"]
[Round "1"]
[White "Di Paolo, Raffaele"]
[Black "Djuric, Stefan"]
[Result "0-1"]
[WhiteElo "2346"]
[BlackElo "2487"]
[PlyCount "91"]
[EventDate "2004.03.06"]

1. e4 g6 2. d4 Bg7 3. Nf3 d6 4. Nc3 Nf6 5. h3 O-O 6. Be3 b6 7. Bc4 Ba6 8. Bxa6
Nxa6 9. O-O c6 10. Qe2 Nc7 11. a4 d5 12. e5 Nd7 13. Rad1 a6 14. Nh2 e6 15. f4
c5 16. Nf3 Rc8 17. g4 f6 18. exf6 Bxf6 19. a5 cxd4 20. Nxd4 bxa5 21. f5 exf5
22. gxf5 Ne5 23. Bf4 Re8 24. Qg2 Kh8 25. Bxe5 Bxe5 26. Nc6 Qd6 27. Nxe5 Rxe5
28. Kh1 gxf5 29. Rg1 Qh6 30. Rd4 Ne6 31. Qh2 f4 32. Rd3 d4 33. Nd1 Qh5 34. c3
Re2 35. Nf2 Qd5+ 36. Qg2 Qxg2+ 37. Rxg2 dxc3 38. bxc3 a4 39. Ng4 Rxg2 40. Kxg2
Rd8 41. Ne5 Rxd3 42. Nxd3 a3 43. Nc1 Kg7 44. Kf3 Kf6 45. Ke4 Kg5 46. c4 0-1

[Event "XXXVI C.to Italiano a squadre A1.1"]
[Site "ITA"]
[Date "2004.03.06"]
[Round "1"]
[White "Jones, Gawain C.B."]
[Black "Contin, Daniel"]
[Result "1-0"]
[WhiteElo "2387"]
[BlackElo "2394"]
[PlyCount "73"]
[EventDate "2004.03.06"]

1. e4 e6 2. d3 c5 3. Nf3 Nc6 4. g3 g6 5. Bg5 Qb6 6. Nbd2 Bg7 7. Nc4 Qc7 8. a4
d6 9. c3 Nf6 10. Bg2 h6 11. Bf4 e5 12. Be3 Be6 13. Nfd2 O-O 14. O-O b6 15. f4
d5 16. fxe5 Nxe4 17. Nxe4 dxe4 18. Bxe4 Rad8 19. Qc1 Bxc4 20. dxc4 Nxe5 21. Bd5
Kh7 22. Bf4 Qd7 23. Qc2 a5 24. Rad1 Qc7 25. Bxe5 Qxe5 26. Bxf7 Qg5 27. Rd5 Rxd5
28. cxd5 h5 29. Kg2 Rxf7 30. Rxf7 Qxd5+ 31. Rf3 c4 32. Qf2 Qc6 33. h3 Bf8 34.
Kh2 Bc5 35. Rf7+ Kg8 36. Qf6 Qe4 37. Qg7# 1-0

[Event "XXXVI C.to Italiano a squadre A1.1"]
[Site "ITA"]
[Date "2004.03.06"]
[Round "1"]
[White "Massa, Giovanni"]
[Black "Arlandi, Ennio"]
[Result "0-1"]
[WhiteElo "2134"]
[BlackElo "2431"]
[PlyCount "126"]
[EventDate "2004.03.06"]

1. e4 c5 2. Nf3 e6 3. d4 cxd4 4. Nxd4 Nf6 5. Nc3 d6 6. Be3 a6 7. Qd2 b5 8. f3
Nbd7 9. g4 h6 10. O-O-O Bb7 11. h4 b4 12. Na4 Qa5 13. b3 Nc5 14. a3 Nxa4 15.
axb4 Qc7 16. bxa4 d5 17. e5 Nd7 18. f4 Nb6 19. f5 Nxa4 20. fxe6 Nc3 21. exf7+
Kxf7 22. Bd3 Bxb4 23. Qf2+ Kg8 24. Rdf1 Ba3+ 25. Kd2 Ne4+ 26. Bxe4 dxe4 27. Qf5
Bd5 28. e6 Bc4 29. Qg6 Bxf1 30. Rxf1 Rd8 31. Rf7 Qe5 32. c3 Rh7 33. Rd7 Qh2+
34. Ne2 Rb8 35. Qf7+ Kh8 36. Rb7 Qd6+ 37. Nd4 Rf8 38. Qd7 Qh2+ 39. Ne2 Bc1+ 40.
Kxc1 Qxe2 41. Qd2 Qxd2+ 42. Kxd2 g5 43. Bd4+ Kg8 44. Rxh7 Kxh7 45. hxg5 Re8 46.
gxh6 Kxh6 47. Be3+ Kg6 48. c4 Rxe6 49. c5 Kf6 50. Kc3 Ke5 51. Kc4 Re8 52. g5
Rg8 53. Bd2 Rd8 54. Bc3+ Kf5 55. c6 e3 56. Kc5 Ke6 57. g6 Rg8 58. g7 e2 59. Kb6
Rxg7 60. Kxa6 Rg3 61. Bb4 Rb3 62. Ba5 Kd6 63. c7 Kd7 0-1

[Event "XXXVI C.to Italiano a squadre A1.1"]
[Site "ITA"]
[Date "2004.03.06"]
[Round "1"]
[White "Passoni, Carlo"]
[Black "Ranieri, Fabrizio"]
[Result "1-0"]
[WhiteElo "2290"]
[BlackElo "2192"]
[PlyCount "69"]
[EventDate "2004.03.06"]

1. e4 e6 2. d4 d5 3. Nc3 Nf6 4. Bg5 Bb4 5. e5 h6 6. Bd2 Bxc3 7. bxc3 Ne4 8. Qg4
g6 9. Bd3 Nxd2 10. Kxd2 Qe7 11. h4 c5 12. h5 g5 13. f4 Nc6 14. fxg5 cxd4 15.
cxd4 Qb4+ 16. Ke3 Nxe5 17. Qf4 Nc4+ 18. Ke2 e5 19. dxe5 Bg4+ 20. Kf2 Be6 21.
Nf3 O-O-O 22. gxh6 Rhg8 23. Rh4 d4 24. h7 Rh8 25. Qf6 Qc3 26. Rxd4 Qxa1 27.
Rxd8+ Rxd8 28. Qxd8+ Kxd8 29. h8=Q+ Kc7 30. Qf8 Nxe5 31. Qc5+ Nc6 32. h6 Qh8
33. h7 Bxa2 34. Nd4 Be6 35. Nb5+ 1-0

[Event "XXXVI C.to Italiano a squadre A1.1"]
[Site "ITA"]
[Date "2004.03.06"]
[Round "1"]
[White "Ratti, Ruggero"]
[Black "Castaldo, Folco"]
[Result "1/2-1/2"]
[WhiteElo "2320"]
[BlackElo "2361"]
[PlyCount "120"]
[EventDate "2004.03.06"]

1. Nf3 Nf6 2. c4 c6 3. b3 g6 4. Bb2 Bg7 5. e3 O-O 6. Be2 d6 7. d4 Nbd7 8. O-O
Re8 9. Nc3 e5 10. Qc2 e4 11. Nd2 Qe7 12. Rfe1 Nf8 13. f4 exf3 14. Bxf3 Ne6 15.
Nde4 Nxe4 16. Nxe4 f5 17. Nc3 Ng5 18. Qf2 Bd7 19. Rad1 Rad8 20. Ba3 Qf6 21. Be2
Re7 22. Bf1 Rde8 23. g3 h5 24. Bg2 a6 25. Bc1 b5 26. h4 Nf7 27. cxb5 axb5 28.
Ne2 Nh6 29. Nf4 Ng4 30. Qf3 Re4 31. Bh3 Kh7 32. Bd2 Qe7 33. Bf1 Nxe3 34. Bxe3
Rxe3 35. Rxe3 Qxe3+ 36. Qxe3 Rxe3 37. Kf2 Re4 38. Ne2 Bh6 39. d5 Be3+ 40. Ke1
Bc5 41. Bg2 Re7 42. dxc6 Bc8 43. Kf1 Re3 44. Bd5 Kg7 45. Rd2 Kf6 46. Kg2 g5 47.
hxg5+ Kxg5 48. Bf3 b4 49. Nf4 Ba6 50. Nxh5 Rc3 51. Nf4 Be3 52. Nh3+ Kf6 53.
Rxd6+ Ke5 54. Rd5+ Ke6 55. Nf4+ Bxf4 56. gxf4 Bf1+ 57. Kxf1 Rxf3+ 58. Ke2 Kxd5
59. Kxf3 Kxc6 60. Ke3 Kc5 1/2-1/2

[Event "XXXVI C.to Italiano a squadre A1.1"]
[Site "ITA"]
[Date "2004.03.07"]
[Round "2"]
[White "Aglietti, Graziano"]
[Black "Costantini, Roberto"]
[Result "0-1"]
[WhiteElo "2084"]
[BlackElo "2317"]
[PlyCount "62"]
[EventDate "2004.03.06"]

1. e4 c5 2. Nc3 d6 3. g3 Nc6 4. Bg2 g6 5. d3 Bg7 6. Nge2 Rb8 7. Be3 Nd4 8. O-O
e6 9. f4 Ne7 10. Qd2 f5 11. Nd1 O-O 12. c3 Ndc6 13. Nf2 b6 14. exf5 gxf5 15. d4
Ba6 16. Rfe1 Qc7 17. Rad1 Rbd8 18. Nd3 Kh8 19. Kh1 Na5 20. b3 c4 21. Nb4 Bb7
22. d5 e5 23. fxe5 dxe5 24. Kg1 Ng6 25. d6 Qf7 26. Bg5 Rd7 27. Nc1 f4 28. Bh3
h6 29. Be7 Rxe7 30. dxe7 Qxe7 31. Bg2 f3 0-1

[Event "XXXVI C.to Italiano a squadre A1.1"]
[Site "ITA"]
[Date "2004.03.07"]
[Round "2"]
[White "Arlandi, Ennio"]
[Black "Ranieri, Fabrizio"]
[Result "1/2-1/2"]
[WhiteElo "2431"]
[BlackElo "2192"]
[PlyCount "151"]
[EventDate "2004.03.06"]

1. d4 e6 2. c4 d5 3. Nc3 Nf6 4. cxd5 exd5 5. Bg5 Be7 6. e3 O-O 7. Bd3 Nbd7 8.
Nge2 Re8 9. O-O c6 10. Qc2 Nf8 11. f3 Nh5 12. Bxe7 Qxe7 13. e4 Be6 14. e5 g6
15. f4 Ng7 16. Ng3 f5 17. Na4 Bf7 18. a3 Nfe6 19. Ne2 Rec8 20. b4 b5 21. Nac3
a5 22. Na2 Qa7 23. Qc3 a4 24. Rad1 Nf8 25. Nac1 Nd7 26. Bb1 Nb6 27. Nd3 Ne6 28.
h3 Nc4 29. Nc5 Qe7 30. Rf3 Kh8 31. g4 Ng7 32. Rg3 Be6 33. Kg2 Rg8 34. Ng1 Raf8
35. Qc1 h5 36. gxh5 Nxh5 37. Rg5 Bc8 38. Kh2 Rf7 39. Nf3 Rh7 40. Bd3 Rh6 41.
Rdg1 Qh7 42. Bf1 Ng7 43. R5g3 Ne6 44. Nxe6 Bxe6 45. R1g2 Qe7 46. Bd3 Qe8 47.
Kg1 Qe7 48. Kf2 Kg7 49. Ke2 Kf8 50. Kd1 Ke8 51. Kc2 Kd7 52. Kb1 Kc8 53. Ka2 Kb8
54. Qg1 Qe8 55. h4 Rg7 56. Rg5 c5 57. bxc5 b4 58. axb4 Rb7 59. Qe1 a3 60. h5
Rxh5 61. Rxg6 Rh3 62. Bxf5 Rxf3 63. Rxe6 Qa4 64. Bc2 Qxb4 65. Re8+ Ka7 66. Qxb4
Rxb4 67. Re7+ Ka6 68. Rg6+ Ka5 69. Ra7+ Kb5 70. Rb7+ Ka5 71. Ra6+ Kxa6 72. Rxb4
Rf2 73. Kb3 Rf3+ 74. Ka2 Rf2 75. Kb3 Rf3+ 76. Ka2 1/2-1/2

[Event "XXXVI C.to Italiano a squadre A1.1"]
[Site "ITA"]
[Date "2004.03.07"]
[Round "2"]
[White "Contin, Daniel"]
[Black "Di Paolo, Raffaele"]
[Result "1-0"]
[WhiteElo "2394"]
[BlackElo "2346"]
[PlyCount "78"]
[EventDate "2004.03.06"]

1. c4 Nf6 2. Nf3 g6 3. b4 Bg7 4. Bb2 d6 5. g3 O-O 6. Bg2 e5 7. O-O e4 8. Ng5
Re8 9. Qc2 Qe7 10. Nc3 Bf5 11. d3 exd3 12. exd3 Nc6 13. Qd2 Ne5 14. Rae1 Bxd3
15. Rxe5 Qxe5 16. Nd5 Qf5 17. Bh3 Re2 18. Qxe2 Bxe2 19. Ne7+ Kf8 20. Nxf5 Bxf1
21. Bxf6 gxf5 22. Bxg7+ Kxg7 23. Kxf1 Re8 24. Bg2 Kf6 25. h4 f4 26. Nxh7+ Ke5
27. g4 f6 28. g5 fxg5 29. Nxg5 Kd4 30. Bd5 c6 31. Bf7 Rh8 32. h5 Kc3 33. b5
cxb5 34. cxb5 Kb4 35. Bg6 d5 36. Nf7 Rg8 37. h6 Rxg6 38. h7 Rg7 39. h8=Q Rxf7
1-0

[Event "XXXVI C.to Italiano a squadre A1.1"]
[Site "ITA"]
[Date "2004.03.07"]
[Round "2"]
[White "Del Dotto, Riccardo"]
[Black "Passoni, Carlo"]
[Result "0-1"]
[WhiteElo "2131"]
[BlackElo "2290"]
[PlyCount "72"]
[EventDate "2004.03.06"]

1. e4 c5 2. Nc3 Nc6 3. g3 Rb8 4. Bg2 b5 5. d3 b4 6. Nce2 e6 7. Nh3 Nf6 8. O-O
Be7 9. f4 O-O 10. Nf2 d5 11. e5 Nd7 12. g4 f6 13. exf6 Bxf6 14. g5 Bd4 15. c3
Bxf2+ 16. Rxf2 Nb6 17. Ng3 Ne7 18. Qe1 a5 19. Be3 d4 20. cxd4 cxd4 21. Bd2 Na4
22. Qe5 Qb6 23. f5 Nxf5 24. Nh5 Qa7 25. Rc1 Nc3 26. bxc3 dxc3 27. Bf4 Bd7 28.
Bg3 Rb5 29. Qe4 Nxg3 30. hxg3 Qxf2+ 31. Kh2 Rxg5 32. Qh4 Bc6 33. Rg1 Rff5 34.
Nf4 c2 35. Nh3 Qxg1+ 36. Nxg1 c1=Q 0-1